| 000 | 00901nam a22002293i 4500 | ||
|---|---|---|---|
| 001 | 81081 | ||
| 003 | BD-RjUL | ||
| 005 | 20230115125823.0 | ||
| 008 | 230115s1851 ii ||| | urd d | ||
| 035 | _a(BD-RjUL)81081 | ||
| 040 |
_aUkOxU _beng _erda _cUkOxU |
||
| 041 | _aeng | ||
| 082 |
_223 _a297.1225 _bDIT 1851 |
||
| 245 | 0 | 0 |
_aTafsīr-i Fatḥ al-ʻAzīz :تفسير فتح العزيز : _bsipārah-yi ʻamma kā tarjumah /سپارہ عم کا ترجمہ / _c[Shāh ʻAbd al-ʻAzīz Dihlavī] ; [tarjumah Ḥasan Ḵẖān].[شاہ عبد العزيز دہلوی] ؛ [ترجمہ حسن خان]. |
| 264 | 1 |
_a[Lakhnaʼū] :لکھنؤ : _bMat̤baʻ-i Muṣt̤afāʼī,مطبع مصطفائی، _c1267 [1851] |
|
| 300 |
_a240 pages ; _c32 cm |
||
| 336 |
_atext _2rdacontent |
||
| 337 |
_aunmediated _2rdamedia |
||
| 338 |
_avolume _2rdacarrier |
||
| 650 |
_aQuran _vTafsir _96380 |
||
| 942 |
_2ddc _cBK |
||
| 999 |
_c81081 _d81081 |
||